00631ngm a2200169 a 4500008004100000020001500041050002300056100002100079245009500100260010600195300000800301650002700309650003200336650002500368650002800393650004000421140626c20069999||||||||||||||||| || u a4903160033 aDVD/GV 1713.T2 Kur aKurita, Kazuaki 10aDances of the Nyakyusa and the Nkonde, vol. 2 [electronic resource]cKazuaki Kuritah[dvd] aNishi-Ikebukuro, JapanbCentre for Human Migration and Acculturation Studies, Rikkyo Universityc2006 aDVD aFOLK DANCING--TANZANIA aDANCING--TANZANIA--NYAKYUSA aFOLK DANCING--MALAWI aNGONDE (AFRICAN PEOPLE) aNYAKYUSA (AFRICAN PEOPLE)--TANZANIA